| 000 | 00581nmm a2200229 a 4500 | ||
|---|---|---|---|
| 003 | AR-BaBNM | ||
| 005 | 20251128211353.0 | ||
| 008 | 084020s1997 ||||||||||||||000 | spa|| | ||
| 020 | _a987-95510-4-4 | ||
| 040 | _cAR-BaBNM | ||
| 100 | 1 | _aAira, César | |
| 245 | 1 | 0 |
_aTaxol _bprecedido de Duchamp en México y La broma |
| 250 | _a1ª ed. | ||
| 260 |
_aBuenos Aires _bEdiciones Simurg _c1997 |
||
| 300 | _a106 p. | ||
| 650 | 4 | _aLITERATURA ARGENTINA | |
| 650 | 4 | _aLITERATURA CONTEMPORANEA | |
| 653 | _aNARRATIVA | ||
| 655 | _aLITERATURA | ||
| 942 | _cBK | ||
| 998 | _cmartin | ||
| 999 |
_c19385 _d19385 |
||